00959nam a2200217 a 4500001001000000003000500010005001700015008004100032010001100073011001100084040000900095100003300104245020900137260004100346500006000387502010400447650004100551650004700592650003200639856007000671000114660CHAP20220329144452.0180315s2017 mx sm |||||||spa d a111121 a112093 cCHAP1 aOrtiz Hurtado, José Ubaldo10aEvaluación de las características económicas, tecnólogicas, productivaas y sociales de la ovinicultura en la región centro del Estado de Zacatecash[En línea]cpor José Ubaldo Ortiz Hurtado. aChapingo, Méx. :bEl autor,c2017. aPara ver el contenido del material haga clic en la liga aTesis (M.C. en Desarrollo Rural Regional) -- UACH. Dirección de Centros Regionales Universitarios14aGanado lanarxAspectos económicos.14aGanado lanarxInnovaciones tecnológicas.14aGanado lanarxProducción. aFinding aiduhttp://10.13.5.2/tesis/sist114660.pdfzTeclea aquí